[Event "NOR-chT 1819"]
[Site "Norway"]
[Date "2018.11.02"]
[Round "1.1"]
[White "Lund, Gunnar"]
[Black "Dahl, Trygve"]
[Result "1-0"]
[WhiteElo "2227"]
[BlackElo "2283"]
[PlyCount "61"]
[EventDate "2018.11.02"]
[EventType "team-tourn"]
[EventRounds "9"]
[EventCountry "NOR"]
[SourceTitle "CBM 188 Extra"]
[Source "ChessBase"]
[SourceDate "2019.02.26"]
[SourceVersion "1"]
[SourceVersionDate "2019.02.26"]
[SourceQuality "1"]
[WhiteTeam "Tromsoe"]
[BlackTeam "Hell"]
[WhiteTeamCountry "NOR"]
[BlackTeamCountry "NOR"]

1. e4 c5 2. Nf3 Nc6 3. Bb5 g6 4. Bxc6 bxc6 5. 0-0 Bg7 6. Re1 Nh6 7. c3 0-0 8. h3 d5 9. d3 Ba6 10. Be3 d4 11. Bf4 f6 12. cxd4 cxd4 13. Bxh6 Bxh6 14. Qa4 Bb5 15. Qxd4 e5 16. Qc5 Qxd3 17. a4 Qc4 18. Qd6 Bxa4 19. Nbd2 Bxd2 20. Nxd2 Qc2 21. Rec1 Qxb2 22. Nc4 Qb5 23. Rab1 Qa6 24. Qe6+ Kh8 25. Nd6 Qd3 26. Nf7+ Kg7 27. Rb7 Rab8 28. Nxe5+ Rxb7 29. Nxd3 Bb5 30. Nc5 Rbf7 31. Nd7 1-0

[Event "Levanger Grand Prix A"]
[Site "Levanger"]
[Date "2018.09.09"]
[Round "6"]
[White "Dahl, Trygve"]
[Black "Nylen, Anders"]
[Result "1-0"]
[WhiteElo "2258"]
[BlackElo "1772"]
[PlyCount "59"]
[EventDate "2018.09.07"]
[EventType "swiss"]
[EventRounds "7"]
[EventCountry "NOR"]
[SourceTitle "EXT 2024"]
[Source "ChessBase"]
[SourceDate "2023.10.10"]
[SourceVersion "1"]
[SourceVersionDate "2023.10.10"]
[SourceQuality "1"]

1. e4 e6 2. d3 b6 3. Nf3 Bb7 4. g3 d6 5. Bg2 Nd7 6. 0-0 Be7 7. Nc3 c5 8. Qe2 Ngf6 9. h3 a6 10. a4 0-0 11. Bd2 Qc7 12. Rae1 Rfe8 13. Nh4 Ne5 14. f4 Nc6 15. Nf3 e5 16. f5 Nd4 17. Qd1 Rac8 18. g4 Bf8 19. g5 Nd7 20. b3 Nb8 21. Nh2 b5 22. Nf3 Nbc6 23. Nd5 Qd8 24. Nh2 Ne7 25. Nxe7+ Bxe7 26. c3 Nc6 27. Qh5 g6 28. Qh4 b4 29. Ng4 Rf8 30. f6 1-0

[Event "Veliko Gradiste Silver Lake op"]
[Site "Veliko Gradiste"]
[Date "2018.06.19"]
[Round "4"]
[White "Dahl, Trygve"]
[Black "Govedarica, Radovan"]
[Result "1-0"]
[WhiteElo "2206"]
[BlackElo "2355"]
[PlyCount "41"]
[EventDate "2018.06.17"]
[EventType "swiss"]
[EventRounds "9"]
[EventCountry "SRB"]
[SourceTitle "CBM 185 Extra"]
[Source "ChessBase"]
[SourceDate "2018.07.29"]
[SourceVersion "1"]
[SourceVersionDate "2018.07.29"]
[SourceQuality "1"]

1. e4 e5 2. Nf3 Nc6 3. Nc3 Bc5 4. Nxe5 Nxe5 5. d4 Bd6 6. dxe5 Bxe5 7. Bd3 Bxc3+ 8. bxc3 Qf6 9. 0-0 Ne7 10. Be3 Nc6 11. Rb1 Qxc3 12. Qh5 Qe5 13. Qh4 d6 14. Kh1 b6 15. f4 Qe7 16. Qg3 Bb7 17. Qg4 h5 18. Qxg7 0-0-0 19. Qc3 h4 20. h3 Rdg8 21. Rb5 1-0

[Event "Veliko Gradiste Silver Lake op"]
[Site "Veliko Gradiste"]
[Date "2018.06.18"]
[Round "2"]
[White "Dahl, Trygve"]
[Black "Georgiev, Kiril"]
[Result "0-1"]
[WhiteElo "2206"]
[BlackElo "2590"]
[PlyCount "104"]
[EventDate "2018.06.17"]
[EventType "swiss"]
[EventRounds "9"]
[EventCountry "SRB"]
[SourceTitle "CBM 185 Extra"]
[Source "ChessBase"]
[SourceDate "2018.07.29"]
[SourceVersion "1"]
[SourceVersionDate "2018.07.29"]
[SourceQuality "1"]

1. e4 c5 2. Nf3 d6 3. d4 Nf6 4. dxc5 Qa5+ 5. Bd2 Qxc5 6. Nc3 g6 7. Be3 Qa5 8. Qd2 Bd7 9. h3 Bg7 10. Bd3 Nc6 11. a3 0-0 12. Bh6 Rac8 13. 0-0 Rfd8 14. Rad1 a6 15. Rfe1 Ne5 16. Nxe5 Qxe5 17. Bxg7 Kxg7 18. Bf1 Be6 19. g3 b5 20. Bg2 a5 21. Qd4 Nd7 22. f4 Qxd4+ 23. Rxd4 Bc4 24. Bf1 Nb6 25. Bg2 Kf8 26. Nd1 e5 27. Rd2 f6 28. Ne3 Ke7 29. Red1 Be6 30. Rf2 Rc5 31. Rfd2 h5 32. h4 Rd7 33. Rf2 Nc4 34. Nxc4 bxc4 35. Bf3 Rd8 36. Kg2 Bf7 37. Kh2 Rb8 38. c3 Rcb5 39. Rdd2 f5 40. fxe5 dxe5 41. Bg2 Be6 42. Bf3 f4 43. Bg2 Rf8 44. Bf3 fxg3+ 45. Kxg3 Rf4 46. Be2 Rxe4 47. b4 axb4 48. axb4 Rd5 49. Ra2 Rd7 50. b5 Rb7 51. Bf3 Re3 52. Kg2 e4 0-1